Applied Nutrition and Dietetics for Nurses (Record no. 1755)

MARC details
000 -LEADER
Fixed length control field 00634nam a22002297a 4500
003 - CONTROL NUMBER IDENTIFIER
Control field IIN
005 - DATE AND TIME OF LATEST TRANSACTION
Control field 20250428132734.0
008 - FIXED-LENGTH DATA ELEMENTS--GENERAL INFORMATION
Fixed length control field 250428b |||adf|| |||| 001 0 eng d
020 ## - INTERNATIONAL STANDARD BOOK NUMBER / ISBN
International Standard Book Number 9788131266380
Price 615.00
020 ## - INTERNATIONAL STANDARD BOOK NUMBER / ISBN
International Standard Book Number eISBN- 8131266397978
040 ## - CATALOGING SOURCE
Original cataloging agency IIN
082 ## - DEWEY DECIMAL CLASSIFICATION NUMBER
Classification number 613.2
Book Number VEN
100 ## - MAIN ENTRY--PERSONAL NAME
Personal name Venkatraman, Sreemathy
245 ## - TITLE STATEMENT
Title Applied Nutrition and Dietetics for Nurses
Sub title for Semester II
Statement of responsibility Sreemathy Venkatraman
250 ## - EDITION STATEMENT
Edition statement 2nd ed.
260 ## - IMPRINT
Place of publication New Delhi
Name of publisher Elsevier
Date of publication 2023
300 ## - PHYSICAL DESCRIPTION
Page / Vol. No xxi, 255 p.
Other physical details ill.
500 ## - GENERAL NOTE
General note Includes Index
650 ## - SUBJECT ADDED ENTRY--TOPICAL TERM
Topical term Nutrition
Form subdivision Applied Nutrition
650 ## - SUBJECT ADDED ENTRY--TOPICAL TERM
Topical term Dietetics
942 ## - ADDED ENTRY ELEMENTS (KOHA)
Koha item type Books
Holdings
Withdrawn status Lost status Source of classification Damaged status Not for loan Collection code Home library Current library Shelving location Date acquired Price Total Checkouts Call number Accession number Date last seen Price effective from Koha item type
    Dewey Decimal Classification     Purches Book IDEAL INSTITUTE OF NURSING IDEAL INSTITUTE OF NURSING General Stacks 11/03/2025 615.00   613.2 VEN 1909 28/04/2025 28/04/2025 Books
© Ideal Institute Of Nursing, All rights reserved.         Powered by Koha